000 00310 a2200145 4500
001 177735
020 _a
040 _cMagnum
100 _aLuiza, Ana
240 1 0 _aO encantamento da fantasia
_lpor
245 1 0 _aO encantamento da fantasia
362 0 _a1899
697 _aMAGNITO: IJ/POESIA
942 _cBK
999 _c177735
_d177735